Ngày 22-4-1975: Quân đôÌ£i Sài Gòn ném bom CBU-55 xuống Xuân LôÌ£c

Сохранить в:
Библиографические подробности
Главный автор: Hồ, Sơn Đài
Формат:
Язык:Undetermined
Предметы:
Online-ссылка:http://lrc.tdmu.edu.vn/opac/search/detail.asp?aID=2&ID=23620
Метки: Добавить метку
Нет меток, Требуется 1-ая метка записи!
Thư viện lưu trữ: Trung tâm Học liệu Trường Đại học Thủ Dầu Một
LEADER 00634nam a2200145Ia 4500
001 TDMU_23620
008 210410s9999 xx 000 0 und d
082 |a 959.704 
100 |a Hồ, Sơn Đài 
245 0 |a Ngày 22-4-1975: Quân đôÌ£i Sài Gòn ném bom CBU-55 xuống Xuân LôÌ£c 
245 0 |c Hồ Sơn Đài 
300 |a 1tr 
650 |a Kháng chiến chống Mỹ ; Quân đôÌ£i Sài Gòn ; Ném bom CBU-55 ; Xuân Lộc; Lịch sử  
856 |u http://lrc.tdmu.edu.vn/opac/search/detail.asp?aID=2&ID=23620 
980 |a Trung tâm Học liệu Trường Đại học Thủ Dầu Một